Katalog Plus
Bibliothek der Frankfurt UAS
Bald neuer Katalog: sichern Sie sich schon vorab Ihre persönlichen Merklisten im Nutzerkonto: Anleitung.

Principles of Microeconomics

Titel: Principles of Microeconomics : From Theory to Practice and Applications / by Stefani Milovanska-Farrington
Verfasser:
Ausgabe: 1st ed. 2025
Veröffentlicht: Cham : Springer Nature Switzerland, 2025
Umfang: 1 Online-Ressource (XXIX, 408 Seiten) : 406 illus., 354 illus. in color.
Format: E-Book
Sprache: Englisch
RVK-Notation:
Schlagworte:
Andere Ausgaben: Erscheint auch als Druck-Ausgabe: Milovanska-Farrington, Stefani. Principles of Microeconomics. - Cham : Springer Nature Switzerland, 2025
ISBN: 9783031672330 ; 303167233X ; 9783031672323 ; 9783031672347 ; 9783031672354
Buchumschlag
X
alg: 52859657
001A    $06055:01-04-25 
001B    $06055:18-03-26 $t18:40:47.000 
001D    $06055:01-04-25 
001U    $0utf8 
001X    $00 
002@    $0Oax 
002C    $aText $btxt $2rdacontent 
002D    $aComputermedien $bc $2rdamedia 
002E    $aOnline-Ressource $bcr $2rdacarrier 
003@    $0528596578 
003O    $01514597269 $aOCoLC 
004A    $A978-3-031-67233-0 
004A    $03-031-67233-X 
004E/04 $0SpringerNature-41170 $fSubject Collection Economics and Finance 
004E/04 $0SpringerNature-43720 $fSubject Collection Economics and Finance (R0) 
004O    $A978-3-031-67232-3 $Sp 
004O    $A978-3-031-67234-7 $Sp 
004O    $A978-3-031-67235-4 $Sp 
004P    $010.1007/978-3-031-67233-0 $SV970 
007A    $0528596578 $aHEB 
007I    $0Springer978-3-031-67233-0 
009P    $qtext/html $3Inhaltsverzeichnis $uhttp://scans.hebis.de/HEBCGI/show.pl?52859657_toc.html $mX:DE-He213 
009P    $qtext/html $3Ausführliche Beschreibung $uhttp://scans.hebis.de/HEBCGI/show.pl?52859657_aub.html $mX:DE-He213 
009Q    $SV970 $uhttps://doi.org/10.1007/978-3-031-67233-0 $xR 
010@    $aeng 
010E    $erda 
011@    $a2025 
013D    $RFachbuch $RSchulbuch $#College textbooks $#Lehrbuch $#Lehrbuch $#Kompendium Lehrbuch $D20251120 $Ecgmnf $74123623-3 $8Lehrbuch [Tsz] $908540926X 
017B    $aZDB-2-ECF 
017B    $aZDB-2-SXEF 
021A    $aPrinciples of Microeconomics $dFrom Theory to Practice and Applications $hby Stefani Milovanska-Farrington 
028A    $aMilovanska-Farrington $BVerfasser $dStefani $4aut 
032@    $a1st ed. 2025 
033A    $pCham $nSpringer Nature Switzerland 
033E    $pCham $nSpringer International Publishing AG 
034D    $a1 Online-Ressource (XXIX, 408 Seiten) 
034M    $a406 illus., 354 illus. in color. 
039D    $aErscheint auch als $tPrinciples of Microeconomics $dCham $eSpringer Nature Switzerland $f2025 $z978-3-031-67232-3 $lMilovanska-Farrington, Stefani $nDruck-Ausgabe 
044A    $aMicroeconomics $S#0 $N650 
044A    $aIndustrial organization $S#0 $N650 
044A    $aMicroeconomics $S14 $N650 
044A    $aMarket Structure and Economic Design $S24 $N650 
044A    $aIndustrial Organization $S24 $N650 
044K    $RWirtschaftstheorie $RVolkswirtschaftslehre $#Microeconomics $#Microéconomie $#Microeconomía $#Mikroökonomik $#Mikroökonomie $#Mikroökonomie $#Mikroökonomik $D20251120 $Ecgmnf $74039225-9 $8Mikroökonomie [Ts1] $9085106909 
045B    $a338.5 $eDDC23eng 
045Z    $D20251120 $Ecgmnf $8QC 100 [Tkv] $9411124374 

lok: 52859657 3
101B    $007-05-25 $t16:59:55.000 
101C    $007-05-25 
101U    $0utf8 
145S/01 $a008 

exp: 52859657 3 1 #EPN
201B/01 $010-04-25 $t08:44:18.000 
201C/01 $001-04-25 
201U/01 $0utf8 
203@/01 $01297207602 
204P/01 $010.1007/978-3-031-67233-0 $SV970 
208@/01 $a01-04-25 $bl 
209B/01 $a502 $x05 

lok: 52859657 5

exp: 52859657 5 1 #EPN
201B/01 $002-04-25 $t01:44:55.814 
201C/01 $001-04-25 
201U/01 $0utf8 
203@/01 $01297207610 
204P/01 $010.1007/978-3-031-67233-0 $SV970 
208@/01 $a01-04-25 $bl 

lok: 52859657 20

exp: 52859657 20 1 #EPN
201B/01 $002-04-25 $t01:44:55.817 
201C/01 $001-04-25 
201U/01 $0utf8 
203@/01 $01297207629 
204P/01 $010.1007/978-3-031-67233-0 $SV970 
208@/01 $a01-04-25 $bl 

lok: 52859657 21

exp: 52859657 21 1 #EPN
201B/01 $002-04-25 $t01:44:55.819 
201C/01 $001-04-25 
201U/01 $0utf8 
203@/01 $01297207637 
204P/01 $010.1007/978-3-031-67233-0 $SV970 
208@/01 $a01-04-25 $bl 

lok: 52859657 204

exp: 52859657 204 1 #EPN
201B/01 $002-04-25 $t01:44:55.821 
201C/01 $001-04-25 
201U/01 $0utf8 
203@/01 $01297207645 
204P/01 $010.1007/978-3-031-67233-0 $SV970 
208@/01 $a01-04-25 $bl 

lok: 52859657 205

exp: 52859657 205 1 #EPN
201B/01 $003-11-25 $t18:25:59.000 
201C/01 $003-11-25 
201U/01 $0utf8 
203@/01 $01321383703 
204P/01 $010.1007/978-3-031-67233-0 
208@/01 $a03-11-25 $bo 
209B/01 $aebo $x05 
209B/01 $asxf $x06 
237A/01 $aE-Book ggfs. nicht dauerhaft im Bestand. Zugang entfaellt am: 31.12.2026
LEADER 00000cam a22000002c 4500
001 528596578
003 DE-603
005 20260318184047.0
007 cr||||||||||||
008 250401s2025 xx |||| o| u00||u|eng c
020 |a 9783031672330 
020 |a 303167233X 
024 7 |a 10.1007/978-3-031-67233-0  |2 doi 
028 5 2 |a SpringerNature-41170 
028 5 2 |a SpringerNature-43720 
035 |a (DE-599)HEB528596578 
035 |a (OCoLC)1514597269 
040 |a DE-603  |b ger  |c DE-603  |d DE-603  |e rda 
041 |a eng 
082 7 |a 338.5  |2 23/eng 
084 |a QC 100  |0 (DE-625)141244:  |0 (DE-603)411124374  |2 rvk 
100 1 |a Milovanska-Farrington, Stefani  |e Verfasser  |4 aut 
245 0 0 |a Principles of Microeconomics  |b From Theory to Practice and Applications  |c by Stefani Milovanska-Farrington 
250 |a 1st ed. 2025 
264 1 |a Cham  |b Springer Nature Switzerland  |c 2025 
264 2 |a Cham  |b Springer International Publishing AG 
300 |a 1 Online-Ressource (XXIX, 408 Seiten)  |b 406 illus., 354 illus. in color. 
336 |a Text  |b txt  |2 rdacontent 
337 |a Computermedien  |b c  |2 rdamedia 
338 |a Online-Ressource  |b cr  |2 rdacarrier 
650 7 |a Mikroökonomie  |0 (DE-588)4039225-9  |0 (DE-603)085106909  |2 gnd 
655 7 |a Lehrbuch  |2 gnd-content  |0 (DE-588)4123623-3  |0 (DE-603)08540926X 
776 0 8 |i Erscheint auch als  |n Druck-Ausgabe  |a Milovanska-Farrington, Stefani  |t Principles of Microeconomics  |d Cham : Springer Nature Switzerland, 2025  |z 9783031672323 
776 1 |z 9783031672323 
776 1 |z 9783031672347 
776 1 |z 9783031672354 
856 |u https://doi.org/10.1007/978-3-031-67233-0  |x Resolving-System 
856 4 2 |m X:DE-He213  |q text/html  |u http://scans.hebis.de/HEBCGI/show.pl?52859657_toc.html  |3 Inhaltsverzeichnis 
856 4 2 |m X:DE-He213  |q text/html  |u http://scans.hebis.de/HEBCGI/show.pl?52859657_aub.html  |3 Ausführliche Beschreibung 
912 |a ZDB-2-ECF 
924 1 |9 603  |a (DE-603)1297207602  |b DE-603  |c HES  |d d 
924 1 |9 603  |a (DE-603)1297207610  |b DE-603  |c HES  |d d 
924 1 |9 603  |a (DE-603)1297207629  |b DE-603  |c HES  |d d 
924 1 |9 603  |a (DE-603)1297207637  |b DE-603  |c HES  |d d 
924 1 |9 603  |a (DE-603)1297207645  |b DE-603  |c HES  |d d 
924 1 |9 603  |a (DE-603)1321383703  |b DE-603  |c HES  |d d